000 00437nam a2200205Ia 4500
001 002288
003 YMCAF
005 20230512160135.0
008 100717s1970 ||||||||||||||||| ||und|d
024 _a2288
035 _a2269
040 _aYMCAF
_beng
_cIN-KoLT
041 _aeng
082 _a49
_b-BRO
100 _aBROWN ROBERT
245 0 _a49 EASY ENTERTAINMENT SE PROJECT
260 _c1970
300 _a92
942 _2ddc
_cBK
999 _c1844
_d1844